Multidimensional real analysis
Saved in:
| Main Author: | |
|---|---|
| Other Authors: | , |
| Format: | Book |
| Language: | English |
| Published: |
Cambridge : New York :
Cambridge University Press,
2004
|
| Series: | Cambridge studies in advanced mathematics ;
; 86 ; 87 |
| Subjects: | |
| Tags: |
Add Tag
No Tags, Be the first to tag this record!
|
MARC
| LEADER | 00000nam a2200000 i 4500 | ||
|---|---|---|---|
| 001 | 1/77461 | ||
| 008 | 050526s2004 eng d | ||
| 020 | |a 0-521-55114-5 (τ. 1) | ||
| 020 | |a 0-521-82925-9 (τ. 2) | ||
| 035 | |l 10078245 | ||
| 040 | |a GR-MY-UA |b gre |e aacr | ||
| 041 | 0 | |a eng | |
| 082 | 0 | |a 515 |2 (22) | |
| 100 | 1 | |a Duistermaat, J. J. |q (Johannes Jisse) |d 1942- | |
| 245 | 1 | 0 | |a Multidimensional real analysis / |c J.J. Duistermaat, J.A.C. Kolk ; μετάφραση απο τα γερμανικά: J.P. van Braam Houckgeest |
| 260 | |a Cambridge : |a New York : |b Cambridge University Press, |c 2004 | ||
| 300 | |a 2 τ. (τ.1: xii, 422 σ., τ.2: xviii, 798 σ.); |c 23 εκ. | ||
| 490 | 1 | |a Cambridge studies in advanced mathematics |v ; 86 |v ; 87 | |
| 504 | |a Περιλαμβάνει ευρετήριο | ||
| 505 | 0 | |a τ.1: Differentiationτ.2: Integration | |
| 650 | 0 | 0 | |a Mathematical analysis. |
| 650 | 0 | 0 | |a Functions of real variables. |
| 650 | 0 | 0 | |a Mathematical analysis |x Problems, exercises, etc. |
| 650 | 0 | 0 | |a Functions of complex variables |x Problems, exercises, etc. |
| 700 | 1 | |a Kolk, Johan A. C. |b 1947- | |
| 700 | 1 | |a Van Braam Houckgeest, Andre Everard |b 1739-1801. |4 trl | |
| 740 | 0 | 2 | |a Differentiation |
| 740 | 0 | 2 | |a Integration |
| 830 | 0 | |a Cambridge studies in advanced mathematics ; |v ; 86 |v ; 87 | |
| 852 | |a INST |b CHIOS |e 20050526 |h 515 DUI |p 005200021988 |q 005200021988 |t BK |y 0 |z τ.2 | ||
| 852 | |a INST |b CHIOS |e 20050526 |h 515 DUI |p 005200021989 |q 005200021989 |t BK |y 0 |z τ.1 | ||
| 852 | |a INST |b CHIOS |e 20050526 |h 515 DUI |p 005200021988 |q 005200021988 |t BK |v τ.2: |y 0 |z τ.2 | ||
| 852 | |a INST |b CHIOS |e 20050526 |h 515 DUI |p 005200021989 |q 005200021989 |t BK |v τ.1: |y 0 |z τ.1 | ||
| 853 | |a INST |b CHIOS |h 515 DUI | ||
| 901 | |a BIBL2-2005-2 | ||
| 909 | |a Χ |b 112891 | ||
| 909 | |a Χ |b 112892 | ||
| 920 | |a ΔΙΕΥΡΥΝΣΗ |b ΕΠΕΑΕΚ-ΤΜΟΔ |y ΧΙΟΣ |z 2004-12 | ||
| 970 | |a ΧΑΖΙΡΗ |b ΑΝΝΑ |z 2005/05/26 | ||